000 00295 a2200145 4500
001 64161
040 _cAnchieta - Pituba
100 _aMartins, Luiz Rátis
240 1 0 _aÁlbum musical
_lpor
245 1 0 _aÁlbum musical
300 _a415
362 0 _a2008
650 4 _aMúsica
942 _cBK
999 _c64161
_d64161